| 000 | 01056nam a22002657a 4500 | ||
|---|---|---|---|
| 999 |
_c65636 _d65636 |
||
| 005 | 20240530110835.0 | ||
| 008 | 191027s2008 ua a f b b 000 0 ara d | ||
| 017 |
_a2008/2103 _bمصر. دار الكتب |
||
| 020 | _a9789774521010 | ||
| 040 |
_aEG-CaGPL _cEG-CaGPL |
||
| 082 | 0 | 4 |
_221 _a328.31062 _bق / خ م |
| 100 | 0 | _aخالد عزب | |
| 245 | 1 | 0 |
_aمجلس الشورى المصرى / _cتحرير واعداد خالد عزب ، محمود عزت ، احمد طاهر |
| 260 |
_aالاسكندرية : _bمكتبة الاسكندرية، _c2008 |
||
| 300 |
_a153 ص . : _bايض ؛ _c26 سم . |
||
| 490 | 0 |
_aسلسلة ذاكرة مصر المعاصرة ؛ _v4 |
|
| 504 | _aيشمل على ارجاعات ببليوجرافية | ||
| 650 | _2qrmak | ||
| 651 | 0 | 7 |
_2qrmak _aمصر _xمجلس الشورى |
| 651 | 0 | 7 |
_aمصر _xالسياسة والحكومة _2qrmak |
| 700 | 0 |
_aمحمود عزت _eمحرر ومعد |
|
| 700 | 0 |
_aاحمد طاهر _eمحرر ومعد |
|
| 942 |
_2ddc _cBK |
||